Central Library OPAC University of Rajshahi
Normal view MARC view

Entry Topical Term

Number of records used in: 2

001 - CONTROL NUMBER

  • control field: 6824

003 - CONTROL NUMBER IDENTIFIER

  • control field: BD-RjUL

005 - DATE AND TIME OF LATEST TRANSACTION

  • control field: 20230202141258.0

008 - FIXED-LENGTH DATA ELEMENTS

  • fixed length control field: 230202|| aca||aabn | a|a d

040 ## - CATALOGING SOURCE

  • Original cataloging agency: BD-RjUL
  • Transcribing agency: BD-RjUL

150 ## - HEADING--TOPICAL TERM

  • Topical term or geographic name entry element: Biogeochemical
  • Form subdivision: Mining and related operations

670 ## - SOURCE DATA FOUND

  • Source citation: Work cat.: (BD-RjUL)81166: Ferdousy, Mst. Fahima 6823, Paleoenvironments of Bengal basin during holocene as interpreted from geophysical and biogeochemical studies /, 2011